| 000 | 00658nam a2200193 a 4500 | ||
|---|---|---|---|
| 001 | BRCA_1068 | ||
| 005 | 20190320203250.0 | ||
| 008 | 190508s2004----mx-a---###---#000-0#spa-# | ||
| 020 | _a9685893055 | ||
| 050 | 4 |
_aN7914.A1 _b.A78 2004 |
|
| 245 | 1 | 0 |
_aArte sacro _barte nuestro : tomad y comed, tomad y bebed. |
| 260 |
_aMéxico _bLanducci _c[2004] |
||
| 300 |
_a246 p. _bil. a color _c34 cm. |
||
| 650 | 1 | 4 |
_aSimbolismo cristiano _yMedieval, 500-1500 _zMéxico _93516 |
| 650 | 1 | 4 |
_aSimbolismo cristiano _vExposiciones _zMéxico _93517 |
| 650 | 1 | 4 |
_aAño eclesiástico _xArte _zMéxico _93518 |
| 650 | 1 | 4 |
_aAño eclesiástico _vExposiciones _zMéxico _93519 |
| 942 |
_2lcc _cB |
||
| 999 |
_c947 _d947 |
||